000 00621nam a22002537a 4500
003 UA-OsUOA
001 26429
007 ta
008 20040601b un ||||| |||| 00| 0 ukr d
100 _aШкловский И.С.
090 _a523
_bШ66
942 _cBK
040 _aUA-OsUOA
_brus
_cUA-OsUOA
_dUA-OsUOA
245 _aВселенная, жизнь, разум
300 _a352 с.
955 _a0
041 _arus
080 _a523
260 _aМосква
_bНаука
_c1980
044 _aRU
250 _n5-е издание, перераб. и дополн.
650 7 _2UDC
999 _c312752
_d312752